Pracovný zošit zo slovenského jazyka pre 6. ročník základných škôl s vyučovacím jazykom maďarským

Bibliographic Details
Main Author: Nagy, Adorján (Author)
Format: Book
Language:Slovak
PhysicalDescription:47 s. sch., tab. 29 cm
Published: Bratislava Slovenské pedagogické nakladateľstvo 2004
ISBN:8010005029
Edition:2. vyd.
Subjects:

MARC

LEADER 00000nam a2200000 a 4500
001 vtls001480269
003 SK-MaSNL
005 20260302040607.0
008 240318s2004 xo a slo
015 |a SNBA2004/08-04619 
020 |a 8010005029 
035 |a SNK000435567 
035 |a urn:nbn:sk:snk-amls8l 
035 |a urn:nbn:sk:snk-am00c8wd 
035 |a 0736F88F-3DBB-4477-8E77-9BCE124354DA 
040 |a SNK  |b slo  |c SNK  |e AACR2 
041 0 |a slo 
044 |a xo  |c SK 
072 7 |a 811.162.4  |2 konspekt 
080 |a 37.016:811.162.4(075.2)(076.5)  |2 2. slo 
080 |a 811.162.4  |2 1981 
080 |a (075.2)  |2 1981 
080 |a (076.1)  |2 1981 
080 |a (041)  |2 1981 
100 1 |a Nagy, Adorján  |4 aut  |9 20645 
245 1 0 |a Pracovný zošit zo slovenského jazyka pre 6. ročník základných škôl s vyučovacím jazykom maďarským  |c Nagy Adorján 
250 |a 2. vyd. 
260 |a Bratislava  |b Slovenské pedagogické nakladateľstvo  |c 2004 
300 |a 47 s.  |b sch., tab.  |c 29 cm 
650 0 7 |a slovenčina  |2 SNKPH  |9 1350 
655 7 |a učebnice  |2 SNK  |9 22521 
655 7 |a učebnice základných škôl  |2 SNK  |9 70187 
655 7 |a pracovné zošity  |2 SNK  |9 70188 
655 7 |a brožúry  |2 SNK  |9 70146 
919 |a 80-10-00502-9 
958 0 7 |a NM 
968 |d 37 
999 |c 1075331  |d 1077261 
952 |t P60, <03>, [BOOK], {603}  |a SNK  |b SNK  |y PREZ  |7 0  |p 17A0439853  |o snkSB 69078  |i snkKSP 11026/2004  |0 0  |1 0  |4 0  |d 2004-08-19  |f 1  |l 0  |r 2025-04-23 00:00:00  |w 2026-02-24 
952 |t P60, <04>, [BOOK], {604}  |a SNK  |b SNK  |y VYP  |7 0  |p 17A0439852  |o snkSB 69078 D1  |i snkKSP 11027/2004  |0 0  |1 0  |4 0  |d 2004-08-19  |l 0  |r 2005-01-02 00:00:00  |w 2026-02-24